[Event "CRO-chT (Women) 29th"]
[Site "Mali Losinj"]
[Date "2021.10.02"]
[Round "8.32"]
[White "Stadler, Brigita"]
[Black "Roklicer, Heike"]
[Result "1/2-1/2"]
[WhiteElo "2039"]
[BlackElo "2007"]
[PlyCount "83"]
[EventDate "2021.09.25"]
[EventType "team-tourn"]
[EventRounds "9"]
[EventCountry "CRO"]
[SourceTitle "CBM 204 Extra"]
[Source "ChessBase"]
[SourceDate "2021.11.30"]
[SourceVersion "1"]
[SourceVersionDate "2021.11.30"]
[SourceQuality "1"]
[WhiteTeam "Djakovo Limmont (W)"]
[BlackTeam "Busevec Polet (W)"]
[WhiteTeamCountry "CRO"]
[BlackTeamCountry "CRO"]

1. e4 c6 2. d4 d5 3. Nc3 dxe4 4. Nxe4 Nf6 5. Nxf6+ gxf6 6. c3 Qd5 7. Be3 Bf5 8. Ne2 e6 9. Nf4 Qd6 10. Nh5 Nd7 11. Qf3 Rg8 12. h3 Qd5 13. Qxd5 exd5 14. Bf4 Bg6 15. Ng3 Be7 16. 0-0-0 Nf8 17. h4 h5 18. Be2 Ne6 19. Bd2 Rh8 20. Bf3 0-0-0 21. Rhe1 Bd6 22. Ne2 Bf5 23. g3 Rdg8 24. b4 a5 25. a3 Kd7 26. Kb2 Ra8 27. Ra1 b5 28. Nc1 a4 29. Be2 Rag8 30. Nd3 Bg4 31. Nc5+ Bxc5 32. bxc5 Bxe2 33. Rxe2 Re8 34. Rae1 Rhg8 35. Re3 Rg4 36. Rf3 Rg6 37. Kc2 Ng7 38. Rxe8 Kxe8 39. Bf4 Kd7 40. Kd3 Ne6 41. Bd6 Ke8 42. Re3 1/2-1/2

[Event "CRO-chT (Women) 29th"]
[Site "Mali Losinj"]
[Date "2021.09.30"]
[Round "6.2"]
[White "Unuk, Laura"]
[Black "Stadler, Brigita"]
[Result "1-0"]
[WhiteElo "2389"]
[BlackElo "2039"]
[PlyCount "73"]
[EventDate "2021.09.25"]
[EventType "team-tourn"]
[EventRounds "9"]
[EventCountry "CRO"]
[SourceTitle "CBM 204 Extra"]
[Source "ChessBase"]
[SourceDate "2021.11.30"]
[SourceVersion "1"]
[SourceVersionDate "2021.11.30"]
[SourceQuality "1"]
[WhiteTeam "Rijeka Draga (W)"]
[BlackTeam "Djakovo Limmont (W)"]
[WhiteTeamCountry "CRO"]
[BlackTeamCountry "CRO"]

1. d4 Nf6 2. c4 g6 3. Nf3 Bg7 4. g3 0-0 5. Bg2 d6 6. 0-0 Nc6 7. Nc3 e5 8. dxe5 Nxe5 9. b3 Nxf3+ 10. Bxf3 Bh3 11. Re1 Rb8 12. Bg5 h6 13. Be3 Ng4 14. Bd4 Ne5 15. Nd5 c5 16. Bc3 Be6 17. Rc1 Nxf3+ 18. exf3 Bxd5 19. Qxd5 Bxc3 20. Rxc3 Qa5 21. Rce3 Qxa2 22. Qxd6 b6 23. Qf6 Rbd8 24. f4 Qd2 25. f5 Qd4 26. Qc6 Rd6 27. Qb7 Rd7 28. Qg2 Qf6 29. Rf3 g5 30. g4 Rfd8 31. Rfe3 Rd1 32. Qb7 Qa1 33. Qe7 Qd4 34. h3 Rxe1+ 35. Rxe1 Qd7 36. Qf6 Qd6 37. Re8+ 1-0

[Event "CRO-chT (Women) 29th"]
[Site "Mali Losinj"]
[Date "2021.09.28"]
[Round "4.1"]
[White "Kejzar, Petra"]
[Black "Stadler, Brigita"]
[Result "1-0"]
[WhiteElo "2043"]
[BlackElo "2039"]
[PlyCount "127"]
[EventDate "2021.09.25"]
[EventType "team-tourn"]
[EventRounds "9"]
[EventCountry "CRO"]
[SourceTitle "CBM 204 Extra"]
[Source "ChessBase"]
[SourceDate "2021.11.30"]
[SourceVersion "1"]
[SourceVersionDate "2021.11.30"]
[SourceQuality "1"]
[WhiteTeam "Velimirovac Radnik (W)"]
[BlackTeam "Djakovo Limmont (W)"]
[WhiteTeamCountry "CRO"]
[BlackTeamCountry "CRO"]

1. c4 e5 2. Nc3 Nc6 3. g3 g6 4. Bg2 Bg7 5. e4 d6 6. d3 Nge7 7. Nge2 0-0 8. 0-0 h6 9. Rb1 a5 10. a3 g5 11. b4 axb4 12. axb4 Ng6 13. Nd5 Nce7 14. Nec3 c6 15. Nxe7+ Nxe7 16. Bb2 Be6 17. Ra1 Qb6 18. Na4 Qc7 19. Qc2 c5 20. b5 b6 21. Nc3 Qb7 22. f4 gxf4 23. gxf4 Rxa1 24. Rxa1 exf4 25. Ra6 Be5 26. Nd5 Ng6 27. Rxb6 Qa8 28. Ra6 Qd8 29. Bxe5 dxe5 30. Kh1 Qh4 31. Ra1 Bg4 32. Qd2 Qg5 33. Qf2 Nh4 34. Rg1 Kh8 35. h3 Bh5 36. Bf1 Qd8 37. Be2 f3 38. Qg3 Qg5 39. Qf2 Qd8 40. Bf1 Ng6 41. Ne3 Qd4 42. Qd2 Nh4 43. Ng4 Qd6 44. Qf2 Ng2 45. Bxg2 Bxg4 46. Bxf3 Bd7 47. Bg4 Bxg4 48. Rxg4 f5 49. Rg1 Qxd3 50. Qg2 Qxe4 51. Qxe4 fxe4 52. Rg4 Rf3 53. Kg2 Re3 54. h4 Kh7 55. Kf2 Rc3 56. Rxe4 Kg6 57. b6 Kf5 58. Re3 Rxc4 59. Rb3 Rc2+ 60. Ke1 c4 61. Rb5 c3 62. b7 Ke4 63. b8Q Rc1+ 64. Ke2 1-0

[Event "CRO-chT (Women) 29th"]
[Site "Mali Losinj"]
[Date "2021.09.27"]
[Round "3.51"]
[White "Videkovic, Marina"]
[Black "Stadler, Brigita"]
[Result "1/2-1/2"]
[WhiteElo "1823"]
[BlackElo "2039"]
[PlyCount "55"]
[EventDate "2021.09.25"]
[EventType "team-tourn"]
[EventRounds "9"]
[EventCountry "CRO"]
[SourceTitle "CBM 204 Extra"]
[Source "ChessBase"]
[SourceDate "2021.11.30"]
[SourceVersion "1"]
[SourceVersionDate "2021.11.30"]
[SourceQuality "1"]
[WhiteTeam "Djakovo Dama (W)"]
[BlackTeam "Djakovo Limmont (W)"]
[WhiteTeamCountry "CRO"]
[BlackTeamCountry "CRO"]

1. d4 Nf6 2. c4 g6 3. Nc3 Bg7 4. e4 d6 5. Nf3 0-0 6. h3 e5 7. d5 Nbd7 8. Be3 Nc5 9. Qc2 a5 10. Bxc5 dxc5 11. Bd3 Ne8 12. 0-0-0 Nd6 13. g4 Bd7 14. a4 Qf6 15. Qe2 Qf4+ 16. Qe3 Rae8 17. Kc2 b6 18. Rde1 Qf6 19. b3 c6 20. Rd1 Qd8 21. Qd2 Qc7 22. Rhe1 Rd8 23. Bf1 Qb7 24. Qg5 f6 25. Qe3 cxd5 26. Nxd5 Bc6 27. Rd2 Bxd5 28. Rxd5 1/2-1/2

[Event "CRO-chT2 Center 26th"]
[Site "Croatia"]
[Date "2017.03.26"]
[Round "1.25"]
[White "Stadler, Brigita"]
[Black "Novak, Ratko"]
[Result "0-1"]
[WhiteElo "2062"]
[BlackElo "2180"]
[PlyCount "102"]
[EventDate "2017.03.26"]
[EventType "team-tourn"]
[EventRounds "11"]
[EventCountry "CRO"]
[SourceTitle "EXT 2019"]
[Source "ChessBase"]
[SourceDate "2018.10.10"]
[SourceVersion "1"]
[SourceVersionDate "2018.10.10"]
[SourceQuality "1"]

1. e4 d5 2. exd5 Qxd5 3. Nc3 Qa5 4. Bc4 c6 5. Qf3 Nf6 6. h3 e5 7. Nge2 Be7 8. 0-0 0-0 9. d3 a6 10. Bd2 b5 11. Bb3 Qc7 12. a4 b4 13. Ne4 Nxe4 14. Qxe4 Bb7 15. Ng3 c5 16. Qg4 Bc8 17. Qe2 Bd6 18. Ne4 Nc6 19. c3 bxc3 20. bxc3 Bf5 21. Bd5 Rad8 22. Qf3 Ne7 23. Bc4 Bg6 24. Bxa6 h6 25. Rfb1 f5 26. Nxd6 Qxd6 27. Bc4+ Kh7 28. Rb2 f4 29. Raa2 Nf5 30. a5 Nh4 31. Qg4 Qf6 32. g3 fxg3 33. Be3 Nf3+ 34. Kg2 Ne1+ 35. Kf1 Nxd3 36. Rb6 Rd6 37. Rxd6 Qxd6 38. Qxg3 Qb8 39. Bd5 Qb1+ 40. Kg2 Ne1+ 41. Kh2 e4 42. f4 Nf3+ 43. Kg2 Rd8 44. Be6 Rd1 45. h4 Qd3 46. Qf2 Rg1+ 47. Qxg1 Nxg1 48. Bxg1 Qf3+ 49. Kh2 Qxf4+ 50. Kh3 Qf3+ 51. Kh2 e3 0-1

[Event "CRO-chT2 Center 25th"]
[Site "Croatia"]
[Date "2016.04.10"]
[Round "4.26"]
[White "Spiranec, Noemi"]
[Black "Stadler, Brigita"]
[Result "0-1"]
[WhiteElo "1912"]
[BlackElo "2085"]
[PlyCount "114"]
[EventDate "2016.03.13"]
[EventType "team-tourn"]
[EventRounds "11"]
[EventCountry "CRO"]
[SourceTitle "EXT 2019"]
[Source "ChessBase"]
[SourceDate "2018.10.10"]
[SourceVersion "1"]
[SourceVersionDate "2018.10.10"]
[SourceQuality "1"]

1. d4 g6 2. c4 Bg7 3. Nc3 Nf6 4. e4 d6 5. Be2 0-0 6. h4 h5 7. Nf3 Bg4 8. Bf4 c6 9. Qd2 Qa5 10. 0-0-0 Nfd7 11. Bh6 e5 12. Bxg7 Kxg7 13. Ng5 Nf6 14. f3 Bd7 15. Rdg1 b5 16. g4 b4 17. Nb1 Qb6 18. dxe5 dxe5 19. gxh5 Nxh5 20. f4 Nxf4 21. h5 Rh8 22. h6+ Rxh6 23. Nf3 Qf2 24. Rxh6 Kxh6 25. Rh1+ Kg7 26. Rh2 Nxe2+ 27. Qxe2 Qxe2 28. Rxe2 Bg4 29. Nbd2 Nd7 30. Kc2 f6 31. Rg2 Bh3 32. Rg3 Rh8 33. Nb3 Be6 34. Nfd2 Rh2 35. Rd3 f5 36. Rd6 Kf7 37. Kd3 Rh3+ 38. Ke2 f4 39. Rxc6 Bg4+ 40. Kf2 g5 41. Rc7 Kf6 42. c5 Rd3 43. c6 Nc5 44. Rxa7 Nxb3 45. Nxb3 Rf3+ 46. Kg2 Rg3+ 47. Kf2 Rf3+ 48. Kg2 Re3 49. c7 Re2+ 50. Kf1 Rc2 51. Ra6+ Be6 52. Ra7 g4 53. Rb7 g3 54. Rxb4 Bh3+ 55. Kg1 Rf2 56. Rb6+ Kg5 57. Nd2 Rxd2 0-1

[Event "CRO-chT2 Center 25th"]
[Site "Croatia"]
[Date "2016.04.10"]
[Round "3.56"]
[White "Stadler, Brigita"]
[Black "Livaic, Damir"]
[Result "0-1"]
[WhiteElo "2085"]
[BlackElo "2079"]
[PlyCount "88"]
[EventDate "2016.03.13"]
[EventType "team-tourn"]
[EventRounds "11"]
[EventCountry "CRO"]
[SourceTitle "EXT 2019"]
[Source "ChessBase"]
[SourceDate "2018.10.10"]
[SourceVersion "1"]
[SourceVersionDate "2018.10.10"]
[SourceQuality "1"]

1. e4 c6 2. Nc3 d5 3. d4 dxe4 4. Nxe4 Nf6 5. Ng3 h5 6. Bc4 Bg4 7. f3 Bc8 8. c3 h4 9. N3e2 Nd5 10. Nf4 Qd6 11. Nge2 Nd7 12. Nxd5 cxd5 13. Bf4 Qc6 14. Bd3 Nf6 15. Qb3 Bd7 16. 0-0 e6 17. a4 b6 18. Rfe1 Bd6 19. Be5 Kf8 20. a5 Ke7 21. Nf4 b5 22. a6 Rab8 23. Bf1 Rb6 24. Nd3 Bc8 25. Ra5 Ne8 26. Bxd6+ Qxd6 27. Rxb5 Bxa6 28. Rxb6 axb6 29. Ra1 Bxd3 30. Bxd3 Nc7 31. Ra7 Ra8 32. Qa4 Rxa7 33. Qxa7 Qf4 34. Qxb6 Qe3+ 35. Kf1 Qxd3+ 36. Ke1 Kd7 37. Qb4 Qe3+ 38. Kf1 Qf4 39. b3 Qd6 40. Qb7 Qa6+ 41. Qxa6 Nxa6 42. Ke2 Kc6 43. f4 Kb5 44. Kf3 Nc7 0-1

[Event "CRO-chT2 Center 25th"]
[Site "Croatia"]
[Date "2016.03.13"]
[Round "1.46"]
[White "Stadler, Brigita"]
[Black "Furjan, Antun"]
[Result "1-0"]
[WhiteElo "2085"]
[BlackElo "1991"]
[PlyCount "91"]
[EventDate "2016.03.13"]
[EventType "team-tourn"]
[EventRounds "11"]
[EventCountry "CRO"]
[SourceTitle "EXT 2019"]
[Source "ChessBase"]
[SourceDate "2018.10.10"]
[SourceVersion "1"]
[SourceVersionDate "2018.10.10"]
[SourceQuality "1"]

1. e4 c5 2. Nc3 d6 3. f4 Nc6 4. Nf3 g6 5. Bc4 e6 6. d3 Bg7 7. 0-0 a6 8. a4 Nge7 9. Qe1 0-0 10. Qh4 d5 11. Bb3 Nd4 12. f5 Nxf3+ 13. Rxf3 exf5 14. Bg5 f6 15. Bh6 Kh8 16. Rh3 Rg8 17. e5 fxe5 18. Bg5 h5 19. Bxe7 Qa5 20. Bxd5 f4 21. Rf3 Bg4 22. Bxg8 Kxg8 23. Ne4 Qb4 24. Rf2 Qxb2 25. Raf1 b6 26. Nf6+ Kf7 27. Nxg4 hxg4 28. Bd6 Qd4 29. Qe7+ Kg8 30. Qe6+ Kh7 31. Kh1 Rd8 32. Be7 Re8 33. Qxg4 Qxa4 34. Rf3 Qc6 35. Bg5 a5 36. Qh4+ Kg8 37. Bh6 Bf6 38. Qg4 Bh8 39. h4 Kh7 40. Bg5 a4 41. h5 Kg8 42. Rh3 Qe6 43. Qh4 Bg7 44. Bh6 Re7 45. Re1 Rf7 46. Bxg7 1-0

[Event "CRO-chT2 Center"]
[Site "Zagreb"]
[Date "2012.10.21"]
[Round "9.15"]
[White "Stadler, Brigita"]
[Black "Kober, Mladen"]
[Result "1-0"]
[WhiteElo "2083"]
[BlackElo "2273"]
[PlyCount "65"]
[EventDate "2012.03.18"]
[EventType "team-swiss"]
[EventRounds "11"]
[EventCountry "CRO"]
[SourceTitle "EXT 2019"]
[Source "ChessBase"]
[SourceDate "2018.10.10"]
[SourceVersion "1"]
[SourceVersionDate "2018.10.10"]
[SourceQuality "1"]

1. e4 c5 2. Nc3 e6 3. f4 d5 4. Bb5+ Bd7 5. exd5 Bxb5 6. Nxb5 exd5 7. Qe2+ Be7 8. Qe5 Kf8 9. Nc3 Nf6 10. d3 Nc6 11. Qe2 Nd4 12. Qd1 Qa5 13. Nh3 Nf5 14. 0-0 d4 15. Ne4 Nd5 16. Qf3 Nfe3 17. Bxe3 Nxe3 18. Rf2 Qb6 19. b3 Qc6 20. f5 Re8 21. Qh5 Bf6 22. Nxf6 Qxf6 23. Ng5 h6 24. Ne4 Qe5 25. Qh3 h5 26. Re1 Rh6 27. Ree2 h4 28. f6 gxf6 29. Qf3 Re6 30. Nd2 Qc7 31. Nf1 Nd1 32. Rxe6 Nxf2 33. Re1 1-0

[Event "CRO-chT2 Center"]
[Site "Zagreb"]
[Date "2010.10.17"]
[Round "10.65"]
[White "Stadler, Brigita"]
[Black "Vodopija, Goran"]
[Result "1-0"]
[WhiteElo "2112"]
[BlackElo "2146"]
[PlyCount "75"]
[EventDate "2010.03.21"]
[EventType "team-tourn"]
[EventRounds "11"]
[EventCountry "CRO"]
[SourceTitle "EXT 2012"]
[Source "ChessBase"]
[SourceDate "2011.11.24"]
[SourceVersion "1"]
[SourceVersionDate "2011.11.24"]
[SourceQuality "1"]

1. e4 e5 2. Nf3 Nc6 3. Bc4 Bc5 4. c3 Qe7 5. d3 Nf6 6. Bg5 h6 7. Bh4 d6 8. Nbd2 a6 9. Bb3 Be6 10. Nc4 0-0-0 11. Qe2 g5 12. Bg3 h5 13. h4 g4 14. Ng5 Bd7 15. Ne3 Rdf8 16. 0-0-0 Nh7 17. Nd5 Qd8 18. f4 gxf3 19. Nxf3 Rhg8 20. Be1 Bg4 21. Bd2 Rg6 22. Be3 f5 23. Bxc5 dxc5 24. exf5 Bxf5 25. Nxe5 Re8 26. Nxc6 Rxe2 27. Nxd8 Kxd8 28. Nf4 Rgxg2 29. Nxg2 Rxg2 30. Bd5 Rg3 31. Bxb7 Ke7 32. Bxa6 Nf6 33. Rhf1 Bg4 34. Rde1+ Kf7 35. Rf2 Kg6 36. d4 cxd4 37. cxd4 Nd5 38. Bc4 1-0

[Event "CRO-chT (Women)"]
[Site "Sibenik"]
[Date "2010.09.10"]
[Round "7"]
[White "Stadler, Brigita"]
[Black "Kanceljak, Dalia"]
[Result "1-0"]
[WhiteElo "2112"]
[BlackElo "1906"]
[PlyCount "75"]
[EventDate "2010.09.04"]
[EventType "team-tourn"]
[EventRounds "9"]
[EventCountry "CRO"]
[SourceTitle "CBM 138 Extra"]
[Source "ChessBase"]
[SourceDate "2010.10.29"]
[SourceVersion "1"]
[SourceVersionDate "2010.10.29"]
[SourceQuality "1"]

1. e4 c5 2. Nc3 e6 3. g3 Nc6 4. Bg2 d6 5. d3 g6 6. Be3 Bg7 7. Qd2 Nd4 8. Nd1 Nc6 9. h3 Rb8 10. Ne2 Nge7 11. Bh6 0-0 12. Bxg7 Kxg7 13. d4 Qa5 14. Qxa5 Nxa5 15. Ne3 b6 16. dxc5 bxc5 17. 0-0-0 Rb6 18. Nc3 Bd7 19. Rd2 Rfb8 20. b3 a6 21. Rhd1 Nc8 22. Bf1 Bb5 23. Bxb5 axb5 24. a4 bxa4 25. Nxa4 Rb4 26. e5 c4 27. exd6 Nxd6 28. Rxd6 cxb3 29. Nc3 b2+ 30. Kb1 Ra8 31. Na2 Rb5 32. Rd8 Ra7 33. R8d7 Ra8 34. Rc7 Kf6 35. f4 h5 36. Rdd7 Rf8 37. Nc3 Rbb8 38. Ne4+ 1-0

[Event "CRO-chT (Women)"]
[Site "Sibenik"]
[Date "2010.09.08"]
[Round "5"]
[White "Stadler, Brigita"]
[Black "Marijan, Boni"]
[Result "1/2-1/2"]
[WhiteElo "2112"]
[BlackElo "1537"]
[PlyCount "75"]
[EventDate "2010.09.04"]
[EventType "team-tourn"]
[EventRounds "9"]
[EventCountry "CRO"]
[SourceTitle "CBM 138 Extra"]
[Source "ChessBase"]
[SourceDate "2010.10.29"]
[SourceVersion "1"]
[SourceVersionDate "2010.10.29"]
[SourceQuality "1"]

1. e4 e5 2. Nf3 Nc6 3. Bc4 Bc5 4. d3 h6 5. c3 Qe7 6. b4 Bb6 7. a4 a6 8. Nbd2 Nf6 9. 0-0 d6 10. Bb3 Be6 11. Nc4 Ba7 12. Ne3 Bxe3 13. Bxe3 Qd7 14. Nd2 Ne7 15. d4 Bxb3 16. Qxb3 Ng6 17. f4 Ng4 18. Rae1 Nxe3 19. Rxe3 Nxf4 20. dxe5 dxe5 21. Nf3 Qg4 22. g3 f6 23. Qc4 c6 24. b5 axb5 25. axb5 Rc8 26. Nh4 Qe6 27. Qc5 Nh3+ 28. Kg2 Rd8 29. Nf5 Rd2+ 30. Kxh3 g6 31. Qa7 Rh7 32. bxc6 gxf5 33. Rxf5 Qxc6 34. Ref3 Rf7 35. Qe3 Rdd7 36. Kg2 Rd6 37. Rh5 Rh7 38. Rh4 1/2-1/2

[Event "CRO-chT (Women)"]
[Site "Sibenik"]
[Date "2010.09.04"]
[Round "1"]
[White "Stadler, Brigita"]
[Black "Kruljac, Petra"]
[Result "0-1"]
[WhiteElo "2112"]
[BlackElo "2057"]
[PlyCount "48"]
[EventDate "2010.09.04"]
[EventType "team-tourn"]
[EventRounds "9"]
[EventCountry "CRO"]
[SourceTitle "CBM 138 Extra"]
[Source "ChessBase"]
[SourceDate "2010.10.29"]
[SourceVersion "1"]
[SourceVersionDate "2010.10.29"]
[SourceQuality "1"]

1. e4 e6 2. d4 d5 3. exd5 exd5 4. Bd3 Nc6 5. c3 Bd6 6. Qf3 Nge7 7. Ne2 Be6 8. Bf4 Ng6 9. Bxd6 Qxd6 10. Qg3 0-0-0 11. Nd2 Rhe8 12. 0-0-0 Nce7 13. Qxd6 Rxd6 14. h4 Bf5 15. Nf3 Bxd3 16. Rxd3 Nf5 17. Rd2 h5 18. g3 Rde6 19. Kd1 Nd6 20. Nc1 Ne4 21. Re2 Rf6 22. Rxe4 dxe4 23. Ng5 Rxf2 24. Re1 e3 0-1

[Event "CRO-chT (Women) 17th"]
[Site "Sibenik"]
[Date "2008.10.03"]
[Round "7"]
[White "Jelica, Mara"]
[Black "Stadler, Brigita"]
[Result "1-0"]
[WhiteElo "2205"]
[BlackElo "2103"]
[PlyCount "149"]
[EventDate "2008.09.27"]
[EventType "team"]
[EventRounds "9"]
[EventCountry "CRO"]
[SourceTitle "CBM 126 Extra"]
[Source "ChessBase"]
[SourceDate "2008.11.05"]
[SourceVersion "1"]
[SourceVersionDate "2008.11.05"]
[SourceQuality "1"]

1. e4 c5 2. Nf3 Nc6 3. d4 cxd4 4. Nxd4 g6 5. Nxc6 bxc6 6. Qd4 Nf6 7. e5 Nh5 8. e6 Bg7 9. exf7+ Kxf7 10. Qc4+ e6 11. Be2 Nf6 12. 0-0 Rf8 13. Nc3 a5 14. Bf4 Ba6 15. Qc5 Bxe2 16. Nxe2 Kg8 17. Rad1 Rf7 18. c4 a4 19. Rd3 Qa5 20. Qe3 Ng4 21. Qc1 e5 22. Bd2 Qc5 23. Rf3 Rxf3 24. gxf3 Nf6 25. Ng3 d5 26. Re1 e4 27. fxe4 Ng4 28. Re2 d4 29. Bf4 Rf8 30. h3 d3 31. hxg4 dxe2 32. Nxe2 Qb4 33. e5 Re8 34. Nd4 Qc5 35. Nf3 Rf8 36. Kg2 Qe7 37. Qe3 Qe6 38. Kg3 h5 39. Nh2 Rxf4 40. Kxf4 Bh6+ 41. g5 Qf5+ 42. Kg3 Bxg5 43. Qd4 h4+ 44. Kg2 Bf4 45. Qd8+ Kg7 46. Qe7+ Kg8 47. Qxh4 Bxe5 48. b3 axb3 49. axb3 c5 50. Qd8+ Kg7 51. Qe7+ Kh6 52. Qh4+ Kg7 53. Qg4 Qd3 54. Qf3 Qd8 55. Qb7+ Kh8 56. Ng4 Bd4 57. Qe4 Qd6 58. f4 Kg7 59. Ne5 Bxe5 60. fxe5 Qd2+ 61. Kf3 Qd1+ 62. Kf4 Qd2+ 63. Kg3 Qg5+ 64. Kf3 Qh5+ 65. Kf2 Qh2+ 66. Ke1 Qg1+ 67. Kd2 Qg5+ 68. Kd1 Qg1+ 69. Kc2 Qf2+ 70. Kc1 Qg1+ 71. Kb2 Qd4+ 72. Qxd4 cxd4 73. Kc2 g5 74. Kd3 g4 75. Kxd4 1-0

[Event "CRO-ch (Women)"]
[Site "Zagreb"]
[Date "2006.03.29"]
[Round "7"]
[White "Macek, Vlasta"]
[Black "Stadler, Brigita"]
[Result "1/2-1/2"]
[WhiteElo "2243"]
[BlackElo "2138"]
[PlyCount "62"]
[EventDate "2006.03.25"]
[EventType "tourn"]
[EventRounds "9"]
[EventCountry "CRO"]
[SourceTitle "CBM 111 Extra"]
[Source "ChessBase"]
[SourceDate "2006.05.09"]
[SourceVersion "1"]
[SourceVersionDate "2006.05.09"]
[SourceQuality "1"]

1. d4 Nf6 2. Nf3 g6 3. g3 Bg7 4. Bg2 0-0 5. 0-0 d6 6. c4 c6 7. Nc3 Qa5 8. h3 Qa6 9. Nd2 Nbd7 10. Re1 e5 11. e3 Ne8 12. d5 f5 13. Qa4 Qxa4 14. Nxa4 e4 15. Nc3 Ne5 16. Bf1 c5 17. Rd1 Bd7 18. Rb1 Nc7 19. a3 a5 20. a4 Na6 21. Nb5 Bxb5 22. cxb5 Nb4 23. Nc4 Nxc4 24. Bxc4 b6 25. Bd2 Rfe8 26. Bc3 Be5 27. Kf1 Ra7 28. Ke2 Rf7 29. Rg1 Bg7 30. Kd2 Bh6 31. h4 Bg7 1/2-1/2

[Event "CRO-ch (Women)"]
[Site "Zagreb"]
[Date "2004.11.26"]
[Round "7"]
[White "Franciskovic, Borka"]
[Black "Stadler, Brigita"]
[Result "1/2-1/2"]
[WhiteElo "2145"]
[BlackElo "2141"]
[PlyCount "134"]
[EventDate "2004.11.20"]
[EventType "tourn"]
[EventRounds "7"]
[EventCountry "CRO"]
[SourceTitle "CBM 103 Extra"]
[Source "ChessBase"]
[SourceDate "2005.01.01"]
[SourceVersion "1"]
[SourceVersionDate "2005.01.01"]
[SourceQuality "1"]

1. Nf3 Nf6 2. c4 g6 3. g3 Bg7 4. Bg2 0-0 5. 0-0 d6 6. Nc3 e5 7. d3 h6 8. Rb1 a5 9. a3 Nc6 10. b4 axb4 11. axb4 Be6 12. b5 Ne7 13. Qb3 Nd7 14. Nd2 Nc5 15. Qc2 Qc8 16. Nd5 Nxd5 17. cxd5 Bh3 18. Nb3 b6 19. Nxc5 dxc5 20. e4 Bd7 21. Bd2 Qe8 22. Qb3 Ra7 23. Bc3 Qe7 24. Ra1 Rfa8 25. Rxa7 Rxa7 26. Qb2 Qe8 27. f4 f6 28. fxe5 fxe5 29. Rb1 Kh7 30. h4 Ra8 31. Kh2 Qe7 32. Rf1 Qe8 33. Rb1 Ra4 34. Bh3 Bxh3 35. Kxh3 g5 36. hxg5 Qh5+ 37. Kg2 Qxg5 38. Rf1 c4 39. Rf5 Qe7 40. Qf2 Kg8 41. Qc2 Qa3 42. Bxe5 cxd3 43. Qxc7 Ra7 44. Qc8+ Kh7 45. Bxg7 Rxg7 46. Rf8 Rxg3+ 47. Kxg3 d2+ 48. Kg2 Qxf8 49. Qxf8 d1Q 50. Qf7+ Kh8 51. Qf8+ Kh7 52. Qf5+ Kg7 53. Qe5+ Kg6 54. d6 Qe2+ 55. Kh3 Qf1+ 56. Kg3 Qe1+ 57. Kf3 Qf1+ 58. Ke3 Qe1+ 59. Kd3 Qb1+ 60. Kc4 Qa2+ 61. Kd3 Qb1+ 62. Ke2 Qc2+ 63. Ke3 Qc1+ 64. Kf3 Qd1+ 65. Kf4 Qf1+ 66. Kg4 Qd1+ 67. Kg3 Qg1+ 1/2-1/2

[Event "CRO-ch (Women)"]
[Site "Zagreb"]
[Date "2004.11.25"]
[Round "6"]
[White "Stadler, Brigita"]
[Black "Macek, Vlasta"]
[Result "0-1"]
[WhiteElo "2141"]
[BlackElo "2230"]
[PlyCount "124"]
[EventDate "2004.11.20"]
[EventType "tourn"]
[EventRounds "7"]
[EventCountry "CRO"]
[SourceTitle "CBM 103 Extra"]
[Source "ChessBase"]
[SourceDate "2005.01.01"]
[SourceVersion "1"]
[SourceVersionDate "2005.01.01"]
[SourceQuality "1"]

1. e4 e6 2. d4 d5 3. Nc3 Bb4 4. e5 c5 5. a3 Bxc3+ 6. bxc3 Ne7 7. Nf3 Nbc6 8. Bd3 Qc7 9. 0-0 Bd7 10. Re1 b6 11. a4 Na5 12. Qd2 h6 13. Qf4 c4 14. Bf1 0-0 15. Qg4 Kh7 16. Qh5 Bc6 17. g4 Ng8 18. Re3 g6 19. Qh3 Kg7 20. Ne1 Qd7 21. Be2 Rfb8 22. g5 h5 23. Bxh5 Ne7 24. Bxg6 Rh8 25. Bh5 Rh7 26. Qg4 Rah8 27. Rh3 Ng6 28. Qf3 Kg8 29. Bg4 Rxh3 30. Bxh3 Bxa4 31. Qg3 b5 32. f4 Nc6 33. Bd2 Nce7 34. Ra2 Kg7 35. Ng2 Qd8 36. Bg4 Rh7 37. Ne3 Qh8 38. f5 exf5 39. Bxf5 Rh4 40. Bxg6 fxg6 41. Qf2 Nf5 42. Nxf5+ gxf5 43. Qxf5 Rxh2 44. Qf6+ Kg8 45. Qg6+ Kf8 46. Qd6+ Kg7 47. Qf6+ Kg8 48. Qxh8+ Rxh8 49. Kg2 Rh7 50. Kg3 Rh1 51. Kf4 Rf1+ 52. Kg4 Kf7 53. Bf4 Ke6 54. g6 Rg1+ 55. Bg3 Rc1 56. Bf4 Rg1+ 57. Bg3 Rc1 58. Bf2 Rf1 59. Be3 Re1 60. Bh6 Rg1+ 61. Kh5 Kf5 62. Kh4 Rh1+ 0-1

[Event "CRO-ch (Women)"]
[Site "Zagreb"]
[Date "2004.11.24"]
[Round "5"]
[White "Rezek, Anet"]
[Black "Stadler, Brigita"]
[Result "1-0"]
[WhiteElo "2049"]
[BlackElo "2141"]
[PlyCount "83"]
[EventDate "2004.11.20"]
[EventType "tourn"]
[EventRounds "7"]
[EventCountry "CRO"]
[SourceTitle "CBM 103 Extra"]
[Source "ChessBase"]
[SourceDate "2005.01.01"]
[SourceVersion "1"]
[SourceVersionDate "2005.01.01"]
[SourceQuality "1"]

1. e4 Nf6 2. e5 Nd5 3. Nf3 d6 4. exd6 cxd6 5. d4 g6 6. c3 Bg7 7. Qb3 Nf6 8. Bb5+ Nbd7 9. 0-0 0-0 10. Re1 Nb6 11. h3 Bd7 12. Bxd7 Qxd7 13. a4 Rac8 14. a5 Nc4 15. Nbd2 Nxd2 16. Bxd2 e6 17. Bf4 Qc6 18. Ra4 Rfd8 19. Bg3 Rd7 20. Nd2 Bh6 21. Rc4 Bxd2 22. Rxc6 Rxc6 23. Re2 Bh6 24. Re1 d5 25. Be5 Ne4 26. Qa4 Rd8 27. Qb5 a6 28. Qxb7 Rdc8 29. f3 Nd2 30. b4 Nc4 31. f4 Na3 32. Qe7 Bg7 33. Bxg7 Kxg7 34. h4 R8c7 35. Qg5 f6 36. Qg4 f5 37. Qe2 Nb5 38. Qe5+ Kg8 39. Re3 h5 40. Qf6 Rxc3 41. Qxg6+ Rg7 42. Qxe6+ 1-0

[Event "CRO-ch (Women)"]
[Site "Zagreb"]
[Date "2004.11.23"]
[Round "4"]
[White "Stadler, Brigita"]
[Black "Medic, Mirjana"]
[Result "1-0"]
[WhiteElo "2141"]
[BlackElo "2237"]
[PlyCount "47"]
[EventDate "2004.11.20"]
[EventType "tourn"]
[EventRounds "7"]
[EventCountry "CRO"]
[SourceTitle "CBM 103 Extra"]
[Source "ChessBase"]
[SourceDate "2005.01.01"]
[SourceVersion "1"]
[SourceVersionDate "2005.01.01"]
[SourceQuality "1"]

1. e4 e6 2. Nc3 d5 3. d4 Nf6 4. Bg5 Be7 5. e5 Nfd7 6. Bxe7 Qxe7 7. f4 a6 8. Nf3 c5 9. Qd2 Nc6 10. dxc5 Qxc5 11. 0-0-0 b5 12. Ne2 b4 13. Ned4 Nxd4 14. Nxd4 0-0 15. h4 a5 16. Rh3 Ba6 17. Rg3 Qe7 18. Bxa6 Rxa6 19. Qe2 Nc5 20. f5 Qxh4 21. Rg4 Qh2 22. Kb1 exf5 23. Nxf5 g6 24. Rh4 1-0